| 000 | 00332nam a2200109Ia 4500 | ||
|---|---|---|---|
| 008 | 200302s9999 xx 000 0 und d | ||
| 100 | _aC R Korhari and Gaurav Garg | ||
| 245 | _aResearch Methodology Methods and Techniques 3rd ed., In two Colur | ||
| 260 | _bNew Age International Pvt. Ltd. Publishers | ||
| 260 | _c2015 | ||
| 300 | _a449 | ||
| 999 |
_c5346 _d5346 |
||